Statistics for Rivers in Canada

Click here to take the quiz!

General Stats

  • This quiz has been taken 149 times
  • The average score is 12 of 46

Answer Stats

HintAnswer% Correct
BC, YKYukon
92%
ON, QCSaint Lawrence
88%
NWTMackenzie
83%
BCFraser
75%
BCColumbia
71%
QC, ONOttawa
67%
BC, ABPeace
54%
AB, SK, MBSaskatchewan
54%
ABAthabasca
50%
AB, SKSouth Saskatchewan
50%
MBNelson
46%
AB, SKNorth Saskatchewan
46%
AB, SK, MBChurchill
42%
NLChurchill
42%
MBRed
42%
AB, NWTSlave
38%
QCSaguenay
25%
ABMilk
21%
NBSaint John
21%
NWT, NUThelon
17%
ON, MBWinnipeg
17%
ONAlbany
13%
ONSevern
13%
NWT, NUCoppermine
8%
ONEnglish
8%
BCKootenay
8%
YK, BC, NWTLiard
8%
YKPorcupine
8%
ABRed Deer
8%
QCRupert
8%
NWT, NUBlack
4%
NWT, NUDubawnt
4%
QCEastmain
4%
QCGreat Whale
4%
AB, NWTHay
4%
NUKazan
4%
QCLa Grande
4%
QCNottaway
4%
NWTAnderson
0%
SK, MBAssinboine
0%
NU, NWTHorton
0%
QCKoksoak
0%
YK, NWTPeel
0%
YKPelly
0%
BCPend d'Oreille
0%
YKStewart
0%

Score Distribution

Percentile by Number Answered

Percent of People with Each Score

Your Score History

You have not taken this quiz